Colombia y su política internacional / (Registro nro. 5262)
[ vista simple ]
| 000 -LEADER | |
|---|---|
| fixed length control field | 00927nam a2200205Ia 4500 |
| 003 - CONTROL NUMBER IDENTIFIER | |
| control field | OSt |
| 005 - DATE AND TIME OF LATEST TRANSACTION | |
| control field | 20200504171440.0 |
| 008 - FIXED-LENGTH DATA ELEMENTS--GENERAL INFORMATION | |
| fixed length control field | 191128s1985 ck gr 000 0 spa d |
| 040 ## - CATALOGING SOURCE | |
| Original cataloging agency | CO-JMCR |
| Transcribing agency | CO-JMCR |
| 041 0# - LANGUAGE CODE | |
| Language code of text/sound track or separate title | spa |
| 082 04 - DEWEY DECIMAL CLASSIFICATION NUMBER | |
| Classification number | 327.09048 / |
| Item number | R173c |
| Edition number | 23 |
| 100 1# - MAIN ENTRY--PERSONAL NAME | |
| Personal name | Ramirez Ocampo, Augusto, |
| Relator term | autor |
| 9 (RLIN) | 3891 |
| 245 10 - TITLE STATEMENT | |
| Title | Colombia y su política internacional / |
| Statement of responsibility, etc. | Augusto Ramírez Ocampo |
| 260 ## - PUBLICATION, DISTRIBUTION, ETC. | |
| Place of publication, distribution, etc. | Bogotá : |
| Name of publisher, distributor, etc. | Fotolito 24 Horas, |
| Date of publication, distribution, etc. | 1985 |
| 300 ## - PHYSICAL DESCRIPTION | |
| Extent | 115 páginas ; |
| Dimensions | 22 cm. |
| 500 ## - GENERAL NOTE | |
| General note | "Asamblea General de las Naciones Unidas, los no alineados, el grupo de los 77, nuestra política de fronteras, contadora, refugiados y desplazados, hacia la nueva OEA, el reto latinoamericano : integración o subdesarrollo"--Tapa |
| 505 0# - FORMATTED CONTENTS NOTE | |
| Formatted contents note | La nueva política de fronteras -- Presencia de Colombia en América -- La política internacional de Colombia |
| 651 1# - SUBJECT ADDED ENTRY--GEOGRAPHIC NAME | |
| Geographic name | Colombia |
| General subdivision | relaciones exteriores |
| 9 (RLIN) | 3892 |
| 942 ## - ADDED ENTRY ELEMENTS (KOHA) | |
| Source of classification or shelving scheme | Dewey Decimal Classification |
| Koha item type | Books |
| Withdrawn status | Lost status | Source of classification or shelving scheme | Damaged status | Not for loan | Collection code | Home library | Current library | Date acquired | Source of acquisition | Cost, normal purchase price | Total Checkouts | Full call number | Barcode | Date last seen | Copy number | Koha item type |
|---|---|---|---|---|---|---|---|---|---|---|---|---|---|---|---|---|
| Dewey Decimal Classification | Non-fiction | Biblioteca Pública José María del Castillo y Rada | Biblioteca Pública José María del Castillo y Rada | 04/15/2018 | Donación | 0.00 | 327.09048 / R173c | 430001593 | 05/16/2024 | Ej.1 | Books |